九大合格者数10人以上の高校(2024年) - Statistics

General Stats
  • This quiz has been taken 60 times
  • The average score is 26 of 56
Answer Stats
人数 所在地 学校名 % Correct
95 福岡 福岡
94%
117 福岡 修猷館
91%
25 鹿児島 ラ・サール
91%
54 熊本 熊本
89%
36 長崎 長崎西
83%
27 山口 山口
83%
12 広島 広島
83%
39 佐賀 佐賀西
81%
35 福岡 小倉
81%
60 大分 大分上野丘
79%
45 福岡 久留米大学附設
79%
112 福岡 筑紫丘
77%
50 熊本 済々黌
77%
42 鹿児島 鶴丸
74%
21 宮崎 宮崎西
72%
59 福岡 明善
62%
13 広島 広島学院
60%
54 福岡 東筑
57%
17 長崎 長崎東
57%
12 愛媛 松山東
55%
48 福岡 福岡大学附属大濠
53%
22 宮崎 宮崎大宮
53%
15 山口 徳山
49%
11 山口 宇部
49%
16 山口 下関西
47%
18 広島 基町
45%
14 佐賀 鳥栖
43%
20 福岡 西南学院
40%
20 鹿児島 甲南
40%
18 長崎 諫早
38%
14 福岡 春日
38%
43 福岡 城南
36%
18 福岡 宗像
36%
10 兵庫 長田
36%
16 広島 修道
34%
11 佐賀 唐津東
34%
15 福岡 東福岡
32%
10 福岡 嘉穂
32%
10 宮崎 都城泉ヶ丘
32%
17 福岡 香住丘
30%
13 愛媛 今治西
30%
13 兵庫 姫路西
28%
12 福岡 八幡
28%
20 福岡 九州産業大学付属九州
23%
13 広島 舟入
23%
12 佐賀 武雄
23%
10 大分 別府鶴見丘
23%
18 福岡 九州産業大学付属九州産業
17%
12 岡山 岡山芳泉
17%
12 福岡 新宮
17%
19 福岡 筑陽学園
13%
14 鹿児島 加治木
13%
11 福岡 福岡中央
13%
10 岡山 倉敷天城
13%
10 福岡 京都
13%
10 福岡 福岡舞鶴
9%
No matching quizzes found
Score Distribution
Percent of People with Each Score
Percentile by Number Answered
Your Score History
You have not taken this quiz